000 00629nam a2200181Ia 4500
003 GCL
005 20240530104352.0
008 140319s9999 xx 000 0 ara d
040 _aGCL /
_cGCL
082 0 4 _a811.9
_bع ب
100 1 _aعبدالهادى الصيفى
245 1 0 _aبلدنا والليل والنهار والخريف: اشعار بالعامية المصرية /
_cعبدالهادى الصيفى
300 _a102 ص
490 _aالهيئة العامة للاستعلامات
_v0
650 0 4 _aالادب العربى
650 0 4 _aالشعر العربى - العصر الحديث
942 _2ddc
_cBK
999 _c46924
_d46924